|
|
|
|
| LEADER |
00000nab a2200000 a 4500 |
| 001 |
vtls000613120 |
| 003 |
SK-MaSNL |
| 005 |
20260304084902.0 |
| 008 |
250425c1996 xo 0 slo |
| 015 |
|
|
|a SNBRB19rr/mm-uuuuu
|
| 035 |
|
|
|a CL0613259
|
| 035 |
|
|
|a urn:nbn:sk:snk-abd2x1
|
| 035 |
|
|
|a (urnnbn)urn:nbn:sk:snk:ar-004q4x
|
| 035 |
|
|
|a (uuid)61cb6566-4c51-494e-847f-f1a206052074
|
| 040 |
|
|
|a SNKBUCL
|b slo
|c SNKBUCL
|e AACR2
|
| 041 |
0 |
|
|a slo
|
| 044 |
|
|
|a xo
|c SK
|
| 080 |
|
|
|a 621.9.011:539.374:669.017
|2 1981
|
| 080 |
|
|
|a 539.374
|2 1981
|
| 080 |
|
|
|a 669.017
|2 1981
|
| 100 |
1 |
|
|a Vasilko, Karol,
|d 1942-
|4 aut
|9 86126
|
| 245 |
1 |
0 |
|a Deformačné štruktúry pri obrábaní kovov
|c K. Vasilko
|
| 300 |
|
|
|b Obr. 8, res. angl., lit. 8 zázn. v češ., nem., poľ., ruš., slov.
|
| 650 |
0 |
7 |
|a kovy polykryštalické
|2 snkbucl
|9 1183483
|
| 650 |
0 |
7 |
|a trieskové obrábanie
|2 snkbucl
|9 51399
|
| 650 |
0 |
7 |
|a deformácie plastické
|2 snkbucl
|9 770148
|
| 655 |
|
7 |
|a články z novín a časopisov
|2 snkbucl
|9 267496
|
| 773 |
0 |
|
|t Acta metallurgica slovaca
|g Roč. 2, č. 2 (1996), s. 158-165
|x 1335-1532
|
| 850 |
|
|
|a Slovenská národná knižnica
|
| 852 |
|
|
|a Slovenská národná knižnica
|
| 954 |
|
|
|a odborná, vedecká literatúra pôvodná (slovenská)
|2 lita
|
| 958 |
|
|
|a article17
|
| 958 |
|
|
|a NB
|
| 958 |
|
|
|a RK
|
| 958 |
|
|
|a OND
|
| 958 |
|
|
|a EUIPO
|
| 992 |
|
|
|a RBX
|
| 999 |
|
|
|c 2805513
|d 2807443
|